Kahanikar Jainendra Kumar: (Record no. 11346)

MARC details
000 -LEADER
fixed length control field 00552nam a22001937a 4500
005 - DATE AND TIME OF LATEST TRANSACTION
control field 20220623115055.0
008 - FIXED-LENGTH DATA ELEMENTS--GENERAL INFORMATION
fixed length control field 220623b ||||| |||| 00| 0 eng d
020 ## - INTERNATIONAL STANDARD BOOK NUMBER
International Standard Book Number 9789388359061
040 ## - CATALOGING SOURCE
Original cataloging agency IN-DiNC
Transcribing agency IN-DiNC
041 ## - LANGUAGE CODE
Language code of sung or spoken text Hindi
082 ## - DEWEY DECIMAL CLASSIFICATION NUMBER
Classification number 891.433
Item number MAD
100 ## - MAIN ENTRY--PERSONAL NAME
Personal name Madhuresh
Relator term Author
245 ## - TITLE STATEMENT
Title Kahanikar Jainendra Kumar:
Remainder of title punarvichar/
Statement of responsibility, etc. by Madhuresh
250 ## - EDITION STATEMENT
Edition statement 1st ed.
260 ## - PUBLICATION, DISTRIBUTION, ETC.
Place of publication, distribution, etc. New Delhi:
Name of publisher, distributor, etc. Sasta sahitya mandal prakashan,
Date of publication, distribution, etc. 2019
300 ## - PHYSICAL DESCRIPTION
Extent 197p.
650 ## - SUBJECT ADDED ENTRY--TOPICAL TERM
Topical term or geographic name entry element Critical essays on stories of Jainendra Kumar
942 ## - ADDED ENTRY ELEMENTS (KOHA)
Source of classification or shelving scheme Dewey Decimal Classification
Koha item type Books
Holdings
Withdrawn status Lost status Source of classification or shelving scheme Damaged status Not for loan Collection code Home library Current library Shelving location Date acquired Cost, normal purchase price Total Checkouts Full call number Barcode Date last seen Copy number Price effective from Koha item type
    Dewey Decimal Classification     Hindi Central Library, Naharkatiya College Central Library, Naharkatiya College General Stacks 23/06/2022 350.00   891.433 MAD 28801 23/06/2022 1 23/06/2022 Books

Naharkatiya College © 2020. All rights reserved.

Powered By